Largest Cities in South East Asia - Statistics

General Stats
  • This quiz has been taken 200 times
    80 since last reset
  • The average score is 17 of 31
Answer Stats
# Population Answer % Correct
3 21,200,000 Bangkok
99%
1 29,200,000 Jakarta
97%
5 9,300,000 Kuala Lumpur
97%
7 7,150,000 Hà Nội
96%
2 27,200,000 Manila
96%
4 13,900,000 Hồ Chí Minh City
93%
6 7,850,000 Singapore
93%
12 2,825,000 Phnom Penh
81%
9 6,150,000 Yangon
78%
10 5,900,000 Surabaya
74%
8 6,950,000 Bandung
69%
13 2,750,000 Cebu
68%
11 4,200,000 Medan
63%
25 1,460,000 Đà Nẵng
62%
22 1,680,000 Davao
62%
20 1,740,000 Mandalay
62%
16 1,790,000 Makassar
53%
18 1,760,000 Palembang
51%
15 2,050,000 George Town
49%
26 1,430,000 Hải Phòng
46%
20 1,740,000 Angeles
41%
17 1,780,000 Yogyakarta
40%
14 2,100,000 Semarang
35%
29 1,230,000 Batam
28%
19 1,750,000 Malang
22%
24 1,520,000 Chonburi
21%
22 1,680,000 Surakarta
21%
27 1,400,000 Bandar Lampung
19%
30 1,210,000 Cirebon
13%
28 1,240,000 Karawang
6%
30 1,210,000 Serang
6%
No matching quizzes found
Score Distribution
Percent of People with Each Score
Percentile by Number Answered
Your Score History
You have not taken this quiz since the last reset